|
|
|
|
| LEADER |
00821nam a22002417a 4500 |
| 001 |
23 |
| 003 |
BD-DhAAL |
| 008 |
151222s1989 ii a|||| |||| 001 0 eng d |
| 020 |
|
|
|a 8120403843
|
| 040 |
|
|
|a BD-DhAAL
|c BD-DhAAL
|
| 082 |
|
|
|a 338.9/009172/4
|
| 100 |
|
|
|a Pant, Y P
|9 16903
|
| 245 |
|
|
|a Planning and development /
|c Y P Pant
|
| 260 |
|
|
|a New Delhi :
|b Oxford,
|c 1989.
|
| 300 |
|
|
|a viii, 155 p. :
|b ill. ;
|c 22 cm.
|
| 504 |
|
|
|6 Includes index
|
| 541 |
|
|
|e 23
|
| 650 |
|
|
|a Economic development.
|9 16904
|
| 650 |
|
|
|a Industrialization.
|9 16905
|
| 650 |
|
|
|a Developing countries -- Economic policy.
|x Economic policy
|9 16906
|
| 942 |
|
|
|2 ddc
|c BK
|
| 999 |
|
|
|c 36430
|d 36430
|
| 952 |
|
|
|0 0
|1 0
|2 ddc
|4 0
|6 338_900000000000000_009172_4_PAN
|7 0
|9 57330
|a SCL
|b SCL
|c GEN
|d 2015-12-22
|l 0
|o 338.90091724 PAN
|p 3020000023
|r 2015-12-22
|t 1
|w 2015-12-22
|y BK
|